000 00842nam a2200241 i 4500
001 bg
245 1 0 _aZarządzanie bankiem spółdzielczym :
_bpraca zbiorowa /
_caut. Jan Szambelańczyk [et al.] ; pod red. nauk. Jana Szambelańczyka.
260 _aPoznań :
_bWydaw. Wyższej Szkoły Bankowej,
_c1997.
300 _a272, [2] s. ;
_c24 cm.
504 _aBibliogr. s. [274].
650 9 _aBanki
_xzarządzanie
650 9 _aSpółdzielczość oszczędnościowo-pożyczkowa
_xorganizacja
_zPolska
655 _aPodręczniki akademickie
700 1 _aSZAMBELAŃCZYK, Jan
020 _a8386808748
040 _cBPK
041 0 _apl
080 _a336.71:334.732.2](075.8)
920 _a83-86808-74-8
942 _cKS
008 s pl f |000 0 pol
999 _c39000
_d39000
856 _uhttp://koha.tu.koszalin.pl/cgi-bin/koha/opac-detail.pl?biblionumber=39000
_yKatalog online BPK